Forum on U.S.-Soviet Trade Relations (Record no. 354)

MARC details
000 -LEADER
fixed length control field 00527nam a22002177i 4500
001 - CONTROL NUMBER
control field 358
003 - CONTROL NUMBER IDENTIFIER
control field OSt
005 - DATE AND TIME OF LATEST TRANSACTION
control field 20180810142410.0
007 - PHYSICAL DESCRIPTION FIXED FIELD--GENERAL INFORMATION
fixed length control field tu
008 - FIXED-LENGTH DATA ELEMENTS--GENERAL INFORMATION
fixed length control field 161220s1987 xxu||||| |||| 00| 0 eng d
024 7# - OTHER STANDARD IDENTIFIER
Standard number or code 357
Source of number or code RID
040 ## - CATALOGING SOURCE
Transcribing agency OSt
084 ## - OTHER CLASSIFICATION NUMBER
Classification number 11.71
Number source z
100 1# - MAIN ENTRY--PERSONAL NAME
Personal name Chapman, Margret
Relator term Ed.
245 ## - TITLE STATEMENT
Title Forum on U.S.-Soviet Trade Relations
260 ## - PUBLICATION, DISTRIBUTION, ETC.
Place of publication, distribution, etc. Washington,D.C. :
Date of publication, distribution, etc. 1987.
Name of publisher, distributor, etc. American Committee on U.S.-Soviet Relations,
300 ## - PHYSICAL DESCRIPTION
Extent 172 S. ;
Dimensions 21cm.
651 ## - SUBJECT ADDED ENTRY--GEOGRAPHIC NAME
Geographic name Soviet Union
651 ## - SUBJECT ADDED ENTRY--GEOGRAPHIC NAME
Geographic name USA
942 ## - ADDED ENTRY ELEMENTS (KOHA)
Koha item type Book
Holdings
Withdrawn status Lost status Damaged status Not for loan Home library Current library Shelving location Date acquired Inventory number Total Checkouts Full call number Barcode Date last seen Price effective from Koha item type
        WIIW WIIW Souterrain 06/17/1992 358   I-4.930 300356 01/26/2017 01/26/2017 Book
The Vienna Instiute for International Economic Studies (wiiw)